Statistics for Biggest Island by Body of Water

Click here to take the quiz!

General Stats

  • This quiz has been taken 61 times
  • The average score is 12 of 20

Answer Stats

Body of WaterIsland% Correct
Caribbean SeaCuba
100%
Mediterranean SeaSicily
98%
Sea of JapanHonshu
93%
Bay of BengalSri Lanka
89%
North SeaGreat Britain
86%
Arctic OceanGreenland
86%
Mozambique ChannelMadagascar
75%
Balearic SeaMallorca
75%
South China SeaBorneo
64%
Tasman SeaSouth Island
63%
Pacific OceanNew Guinea
55%
Levantine SeaCyprus
52%
Ligurian SeaCorsica
50%
Sea of OkhotskHokkaido
36%
Norwegian SeaIceland
36%
Strait of MagellanTierra del Fuego
36%
East China SeaKyushu
30%
Baltic SeaGotland
29%
Aegean SeaEuboea
27%
Andaman SeaSumatra
21%

Score Distribution

Percentile by Number Answered

Percent of People with Each Score

Your Score History

You have not taken this quiz